000 00222nam a22000857a 4500
008 160704b xxu||||| |||| 00| 0 eng d
100 _92054
_a Seshagiri, N
245 _aPollution
260 _aNew Delhi
_bNational Book Trust
_c1984
999 _c1754
_d1754